000
00262nam a2200097Ia 4500
001
727401
005
20250826163447.0
008
250824s9999 xx 000 0 und d
245
0
_a
NUTUK
_c
MUSTAFA KEMAL ATATÜRK
260
_b
TÜRKİYE İŞ BANKASI KÜLTÜR YAYINLARI
999
_c
727401
_d
727401